PNL : Zoulou Tchaing - Paroles - Statistiques

Statistiques générales
  • Ce quiz a été pris 915 fois
  • Le résultat moyen est 243 sur 500
Statistiques - réponses
Hint Réponse % Correct
de
89%
a
87%
à
87%
le
87%
me
84%
je
83%
la
83%
te
82%
les
81%
et
79%
mer
79%
un
79%
merde
75%
peu
74%
qu'a
74%
bon
73%
des
73%
nous
73%
s'en
73%
aimé
72%
du
72%
j'suis
72%
écrire
71%
misère
71%
j'ai
70%
plus
70%
pour
70%
textes
70%
gens
68%
sans
68%
mon
67%
zoulou
67%
Zoulou
67%
ta
66%
ma
65%
pas
64%
que
63%
ça
62%
ce
62%
tchaing
62%
l'odeur
61%
en
60%
ghetto
60%
toi
60%
comme
59%
compter
59%
trop
59%
aiment
58%
jour
58%
dans
57%
si
57%
Couplet 2 : Ademo Si
57%
vie
57%
couronne
56%
j'me
56%
bas
55%
haine
55%
monde
53%
mots
53%
tu
53%
grammes
52%
peser
52%
bien
51%
sur
51%
au
49%
j'm'en
48%
Refrain : N.O.S (x2) J'm'en
48%
soir
48%
tard
48%
ces
46%
Khey
46%
l'temps
46%
devenu
45%
être
45%
j'essaie
45%
même
45%
couilles
44%
j'aime
44%
mais
44%
c'que
43%
d'où
43%
fois
43%
n'est
43%
on
43%
parce
43%
goutté
42%
j'vois
42%
une
42%
va
42%
arriver
41%
d'comprendre
41%
j'regretterai
41%
bientôt
40%
paradis
40%
temps
40%
debout
39%
l'instant
39%
p't-être
39%
qu'un
39%
chavire
38%
contaminé
38%
exister
38%
l'miroir
38%
niqué
38%
quand
38%
tes
38%
zéros
38%
doute
37%
idée
37%
j'préfère
37%
mieux
37%
moi
37%
monnaie
37%
m'voir
37%
sais
37%
t'as
37%
ton
37%
trône
37%
pu
36%
tout
36%
âme
35%
Baba
35%
j'donnerai
35%
qui
35%
est
34%
j'reviens
34%
sourire
34%
belle
33%
c'est
33%
haineux
33%
j'continuerai
33%
quoi
33%
raconter
33%
thème
33%
irai
32%
place
32%
deux
31%
vu
31%
bord
30%
grandi
30%
j'change
30%
zoo
30%
avant
29%
crâne
29%
d'ta
29%
étoiles
29%
j'aurai
29%
j'croyais
29%
ont
29%
riche
29%
s'résume
29%
ceux
28%
wallah
28%
avec
27%
chaud
27%
j'pense
27%
l'inspi
27%
Merci
27%
plage
27%
posé
27%
très
27%
t'y
27%
vois
27%
après
26%
côté
26%
j'lai
26%
j'meurs
26%
j'sais
26%
qu'une
26%
ailes
25%
confiance
25%
d'haine
25%
dis
25%
garder
25%
j'cours
25%
Manny
25%
papa
25%
peine
25%
rue
25%
seul
25%
train
25%
billets
24%
chavirer
24%
ciel
24%
j'donnerais
24%
Lune
24%
malgré
24%
qu'j'aime
24%
tous
24%
vécu
24%
veux
24%
bonheur
23%
c'biff
23%
coeur
23%
faux
23%
finir
23%
j'refuse
23%
leurs
23%
moche
23%
penser
23%
roi
23%
sous
23%
toit
23%
conscience
22%
j'baise
22%
leurre
22%
oublier
22%
parle
22%
près
22%
Dieu
21%
dos
21%
guerre
21%
jamais
21%
j'confie
21%
m'aimes
21%
prenne
21%
qu't'as
21%
serait
21%
sourires
21%
tant
21%
d'un
20%
Couplet 1 : N.O.S Eh ouais
20%
j'fais
20%
j'récolte
20%
priez
20%
putain
20%
gé-chan
19%
l'épaule
19%
causé
18%
danse
18%
demain
18%
dire
18%
fort
18%
grain
18%
j'montais
18%
lâché
18%
m'suis
18%
pleurs
18%
qu'mon
18%
qu'toi
18%
sauver
18%
bat'C
17%
cicatrices
17%
entier
17%
était
17%
j'rattraperai
17%
j'tiens
17%
s'perdre
17%
Casper
16%
changent
16%
charbonne
16%
d'ici
16%
fidèles
16%
j'parle
16%
j'rêve
16%
penses
16%
reviens
16%
22
15%
d'effacer
15%
disais
15%
écoutes
15%
j'partirai
15%
sens
15%
croises
14%
n'sont
14%
t'avais
14%
saigne
13%
t'rappelles
13%
différent
12%
TZOO
11%
t'tourne
8%
j'penses
6%
tits-pe
5%
l'tard-pé
4%
j'taime (x3)
1%
Aucun quiz correspondant
Distribution des résultats
% des personnes avec chaque résultat
Percentile par nombre de réponses
Votre historique - résultats
Vous n’avez pas pris ce quiz